000 01017cam a22001814a 4500
005 20250605164122.0
008 250528s ||||||||||||||||||||||||d
035 _a18327
040 _aGR-AtMCL
_bgre
_dGR-AtMCL
_eAACR2
245 1 _aΔιαχείριση Κατασκευών / Δεύτερη Έκδοση
250 _a
260 _bΑθήνα,
_c2001
520 _aΔιαχείριση Έργου, Θεωρία Δικτυωτών Γραφημάτων, Κατά Κόμβους Προσανατολισμένα Δικτυωτά Γραφήματα, Διαχείριση Μέσων Παραγωγής, Ανάλυση Έργου σε Επίπεδα Ελέγχου, Στατιστική Θεώρηση Προγραμματισμού Έργων, Εφαρμογές, Προγραμματισμός Γραμμικών Έργων, Θεωρία Βελτιστοποιήσεως, Βιβλιογραφία.
700 1 _aΕφραιμίδης Χάρης Ι
_94600
942 _cBK
999 _c3690
_d3690